[Event "GCT Sinquefield Cup 2021"]
[Site "Saint Louis"]
[Date "2021.08.24"]
[Round "7.2"]
[White "So, Wesley"]
[Black "Shankland, Sam"]
[Result "1/2-1/2"]
[WhiteElo "2772"]
[BlackElo "2709"]
[Annotator "TA"]
[PlyCount "68"]
[EventDate "2021.08.17"]
[EventType "tourn"]
[EventCountry "USA"]
[SourceTitle "playchess.com"]
[Source "ChessBase"]
[SourceQuality "1"]

{[%evp 9,68,16,19,4,19,18,10,18,11,17,1,2,17,11,14,12,18,2,0,12,13,22,45,26,40,
29,52,41,58,67,69,45,59,30,92,86,82,54,64,55,45,31,42,22,50,19,20,27,45,52,47,
40,41,22,27,0,39,0,22,0,18]} 1. c4 e5 2. g3 c6 3. Nf3 e4 4. Nd4 d5 5. cxd5 Qxd5
6. Nc2 {A20: English Opening: 1...e5.} Nf6 7. Nc3 Qe5 $1 {7...Qe5 is better
than 7...Qh5.} 8. Bg2 Na6 9. O-O Be7 10. d4 exd3 $1 11. Qxd3 O-O {[#]} 12. Rd1
$146 ({Predecessor:} 12. Qe3 Bd6 13. Rd1 Re8 14. Qd4 Bc7 15. Bf4 Qh5 16. Bxc7
Nxc7 17. f3 Ne6 18. Qf2 {1/2-1/2 (79) Hammer,J (2621)-Giri,A (2785) Moscow 2017
}) 12... Qh5 13. Qe3 Re8 14. Qg5 Qxg5 15. Bxg5 Nc7 16. Bf4 Ne6 17. Bd6 Kf8 18.
e4 Rd8 19. Bxe7+ Kxe7 20. e5 Ne8 21. Ne3 a5 (21... f6 $11) 22. Rxd8 Nxd8 23.
Rd1 f6 24. exf6+ Nxf6 25. f4 Be6 26. f5 Bd7 27. g4 {Black must now prevent g5.}
Nf7 28. h4 h6 29. Kf2 Rg8 30. Kg3 Nd6 31. Re1 {[#] And now Nc4+ would win.} Kd8
32. Rd1 Ke7 33. Re1 {Strongly threatening Nc4+.} Kd8 34. Rd1 Ke7 {Weighted
Error Value: White=0.10/Black=0.07} 1/2-1/2

[Event "GCT Sinquefield Cup 2021"]
[Site "Saint Louis"]
[Date "2021.08.24"]
[Round "7.3"]
[White "Mamedyarov, Shakhriyar"]
[Black "Caruana, Fabiano"]
[Result "0-1"]
[WhiteElo "2782"]
[BlackElo "2806"]
[Annotator "TA"]
[PlyCount "76"]
[EventDate "2021.08.17"]
[EventType "tourn"]
[EventCountry "USA"]
[SourceTitle "playchess.com"]
[Source "ChessBase"]
[SourceQuality "1"]

{[%evp 10,76,12,16,22,0,0,0,0,0,0,0,0,-10,0,-13,0,-85,-12,0,0,0,53,-5,-7,-38,0,
0,0,0,0,0,0,0,48,0,32,33,50,34,57,22,37,0,0,-135,-179,-179,-176,-160,-144,-147,
-152,-483,-472,-475,-441,-418,-413,-593,-543,-569,-418,-411,-403,-375,-361,
-438,-434]} 1. d4 Nf6 2. c4 e6 3. Nc3 Bb4 4. f3 c5 5. d5 d6 6. e4 b5 {[%cal
Bb7b5,Bb5b4][%mdl 32] E20: Nimzo-Indian: 4 g3 and 4 f3.} 7. Bd2 (7. Bd3 {
seems wilder.} O-O 8. Nge2 exd5 9. cxd5 a6 10. O-O) 7... Bxc3 8. Bxc3 b4 {
The position is equal.} 9. Bd2 O-O 10. Ne2 {[#]} exd5 $146 ({Predecessor:} 
10... Nh5 11. Be3 f5 12. dxe6 Bxe6 13. exf5 Rxf5 14. Qd2 Nd7 15. O-O-O Qa5 16.
Kb1 Bxc4 {0-1 (52) Caruana,F (2828)-Aronian,L (2767) Stavanger 2020}) 11. exd5
Nh5 12. Kf2 (12. Qc2 {with more complications.} Qh4+ 13. Kd1 Nd7 14. g4 Nhf6
15. Be1) 12... f5 13. Nf4 (13. a3 $11 {remains equal.}) 13... Nxf4 (13... Qh4+
$17 14. g3 Nxg3 $1 {[%mdl 512]} 15. hxg3 Qxh1) 14. Bxf4 $11 g5 15. Bc1 Nd7 ({
Better is} 15... f4 $11) 16. f4 ({White should play} 16. h4 $1 $14) 16... Nf6
17. Kg1 Ne4 18. fxg5 f4 19. Bd3 $36 {[%mdl 2048] White is pushing.} Qe7 20. Qe2
Bf5 21. Bxf4 {Threatens to win with Re1.} Qg7 {aiming for ...Rae8.} 22. Rf1 Bg6
23. h3 Rae8 24. Qc2 Qd4+ 25. Kh2 {Strongly threatening b3.} Rf7 {next ...Ref8
is good for Black.} 26. Qe2 Nf6 27. Qd1 (27. Qf2 $1 $11 Bxd3 28. gxf6 Bxf1 29.
Qg3+ Kh8 30. Rxf1) 27... Bxd3 $17 28. gxf6 Bxf1 29. Qg4+ Kh8 30. Rxf1 Rxf6 {
White must now prevent ...Ref8.} ({Don't do} 30... Qxf6 31. Qh5 $15) 31. Rf3 $2
{This costs White the game.} (31. b3 $17) 31... Rg8 $19 32. Qh4 {White hopes
to continue with Qf2.} Qxb2 {[%csl Gg8][%cal Rb2g2]} 33. Rg3 Rxg3 34. Bxg3 {[#]
} (34. Qxg3 {is a better defense.} Rg6 35. Qf3) 34... Qd4 $1 35. Qh5 Qe4 36.
Qg5 {[#]} Qg6 {[%cal Rg6g5]} 37. Qe3 Qf7 38. Qb3 Rg6 {Weighted Error Value:
White=0.37/Black=0.16} 0-1

[Event "GCT Sinquefield Cup 2021"]
[Site "Saint Louis"]
[Date "2021.08.24"]
[Round "7.4"]
[White "Svidler, Peter"]
[Black "Swiercz, Dariusz"]
[Result "1-0"]
[WhiteElo "2714"]
[BlackElo "2655"]
[Annotator "TA"]
[PlyCount "69"]
[EventDate "2021.08.17"]
[EventType "tourn"]
[EventCountry "USA"]
[SourceTitle "playchess.com"]
[Source "ChessBase"]
[SourceQuality "1"]

{[%evp 25,69,15,10,14,20,8,22,15,6,2,18,9,62,78,130,72,216,212,244,249,244,256,
265,250,362,357,363,363,366,364,383,376,549,565,495,482,495,483,501,373,358,
347,492,467,467,449]} 1. e4 e5 2. Nf3 Nc6 3. Bb5 a6 4. Ba4 Nf6 5. O-O Be7 6.
Re1 b5 7. Bb3 O-O 8. a4 Bb7 9. d3 d6 10. Nbd2 Nd7 11. c3 Nc5 12. axb5 axb5 13.
Rxa8 Qxa8 14. Bc2 {C88: Closed Ruy Lopez: Anti-Marshall Systems.} b4 15. d4
bxc3 16. bxc3 {The position is equal.} Nd7 17. Nf1 {[%cal Bd2f1,Bf1e3,Be3d5]
[%mdl 32]} Qa1 {[#]} 18. Ne3 $1 $146 {[%mdl 8] An important novelty.} ({
Predecessor:} 18. Bd2 Qxd1 19. Rxd1 Bf6 20. Be3 Ra8 21. Rb1 Bc8 22. N1d2 g6 23.
h3 Rb8 24. Rxb8 Ndxb8 {0-1 (51) Dominguez Perez,L (2763)-Abdusattorov,N (2608)
chess24.com INT 2020}) 18... Qxc3 (18... Bf6 $11) 19. Nd5 $1 $14 {[%cal Rd5c3]}
Qa1 (19... Qa5 $142) 20. Re3 ({White should play} 20. Ba4 Bf6 21. Re3 Nxd4 22.
Bxd7 Bxd5 23. exd5) 20... Qa7 (20... exd4 $2 21. Ra3 $18) (20... Qa8 $16) 21.
Ba4 $1 $18 {[%cal Ra4c6][%mdl 1024] White has strong compensation.} Bd8 {
[%cal Re5d4]} 22. Ra3 $1 {And now Bxc6 would win.} Qa6 23. Bc2 $1 Na5 24. Bd2
c6 {[#]} (24... c5 {was worth a try.} 25. dxe5 Nxe5) 25. Ne3 $1 Qb5 26. Bxa5
Bxa5 {[#]} 27. Bd3 $1 {[%cal Rd3b5]} Qb6 28. Nc4 $1 {[%csl LRa5,LRb6,LRd6,LRe5]
[%mdl 64] Double Attack} Qb4 (28... Qc7 $142 29. Nxa5 (29. Rxa5 d5 $16) 29...
exd4 30. Nxd4 Ne5) 29. Rb3 ({Wrong is} 29. Nxa5 $2 Qxa3 30. Nxb7 Rb8 $19) 29...
Qa4 30. Nb2 (30. Nxa5 Ba8 $18) 30... Qa2 31. Rxb7 Nb6 32. Qb1 Qxb1+ 33. Bxb1
exd4 (33... f6 $142 34. Ba2+ Kh8) 34. Nxd4 Bc3 35. Nxc6 {Black got outplayed
after the opening.  Weighted Error Value: White=0.08/Black=0.39} ({Weaker is} 
35. Rxb6 Bxd4 36. Rb4 (36. Rxc6 Bxb2 37. Rxd6 Rb8 $16) 36... Bc3 $18) 1-0

[Event "GCT Sinquefield Cup 2021"]
[Site "Saint Louis"]
[Date "2021.08.24"]
[Round "7.5"]
[White "Vachier-Lagrave, Maxime"]
[Black "Xiong, Jeffery"]
[Result "1-0"]
[WhiteElo "2751"]
[BlackElo "2710"]
[Annotator "TA"]
[PlyCount "57"]
[EventDate "2021.08.17"]
[EventType "tourn"]
[EventCountry "USA"]
[SourceTitle "playchess.com"]
[Source "ChessBase"]
[SourceQuality "1"]

{[%evp 16,57,36,0,0,-14,-17,-27,16,18,18,14,14,10,20,16,21,4,17,-10,-10,-38,62,
55,78,83,277,279,280,278,270,264,367,300,370,361,501,497,627,644,1467,1450,
1597,1546]} 1. e4 e5 2. Nf3 Nc6 3. Bb5 Nf6 4. O-O Nxe4 5. d4 Nd6 6. Bxc6 dxc6
7. dxe5 Nf5 8. Qxd8+ Kxd8 9. h3 {now supersedes 9.Nc3.} Bd7 {C67: Ruy Lopez:
Berlin Defence: 4 0-0 Nxe4.} 10. Rd1 Be7 11. Nc3 Ke8 {Black has an edge.} (
11... Kc8 {keeps more tension.} 12. a4 a5 13. b3 b6 14. Ne2 c5) 12. g4 Nh4 13.
Nxh4 Bxh4 14. Bf4 {[#]} Rd8 $146 ({Predecessor:} 14... Be7 15. Kg2 Be6 16. f3
Rd8 17. b3 h6 18. Ne2 Bc5 19. Bg3 Ke7 20. Bh4+ g5 {1/2-1/2 (32) Ernst,T (2347)
-Aronsson,M (2300) Sweden 2016}) 15. Kg2 Be7 16. Be3 a5 17. f4 h5 18. f5 hxg4 (
18... g6 $1 $15 19. f6 Bb4) 19. hxg4 $14 g6 20. Rh1 $1 $36 {[%cal Rh1h8][%mdl
2048] White is really pushing.} Rf8 {[#] Loses the game.} (20... Rg8 $16) 21.
f6 $1 $18 {[%cal Rf6e7]} Bb4 {[#]} 22. Ne4 Be6 {Threatening ...Rd5.} 23. c3 Bd5
24. Kf3 Bd6 25. c4 ({Don't take} 25. exd6 Kd7 $18) 25... Bxe4+ 26. Kxe4 {
White is clearly winning.} Bb4 {Black hopes to continue with ...b6.} 27. a3 Bd2
{intending ...Bxe3.} 28. Bc5 Rg8 29. e6 {Weighted Error Value: White=0.07/
Black=0.59} 1-0

[Event "GCT Sinquefield Cup 2021"]
[Site "Saint Louis"]
[Date "2021.08.25"]
[Round "8.1"]
[White "Xiong, Jeffery"]
[Black "Mamedyarov, Shakhriyar"]
[Result "1/2-1/2"]
[WhiteElo "2710"]
[BlackElo "2782"]
[Annotator "TA"]
[PlyCount "67"]
[EventDate "2021.08.17"]
[EventType "tourn"]
[EventCountry "USA"]
[SourceTitle "playchess.com"]
[Source "ChessBase"]
[SourceQuality "1"]

{[%evp 15,67,13,18,8,15,28,32,15,38,0,25,19,27,27,49,34,52,0,0,0,0,0,0,0,0,0,
50,35,36,41,52,26,26,29,36,27,82,65,112,89,97,0,0,0,0,0,0,0,0,0,0,0,0,0]} 1. c4
e6 2. Nc3 d5 3. d4 a6 4. cxd5 exd5 5. Bf4 Nf6 6. e3 c5 7. dxc5 Bxc5 8. Nf3 Nc6
9. Be2 {D32: Tarrasch Defence: Sidelines and lines without g3.} O-O 10. O-O Re8
11. Rc1 {White is slightly better.} h6 {[#]} 12. Qc2 $146 ({Predecessor:} 12.
a3 Ba7 13. b4 Be6 14. h3 d4 15. exd4 Nxd4 16. Nxd4 Bxd4 17. Bf3 Rc8 18. Ne2 Bb2
19. Rb1 Qxd1 20. Rfxd1 Bxa3 21. Bxb7 Rc4 22. Bxa6 Rxb4 23. Rxb4 {1/2-1/2 (23)
Kostanjsek,Z (2157)-Cvitan,O (2481) Zagreb 2017}) 12... Ba7 13. Rfd1 Be6 14.
Ne5 Rc8 15. Bf3 Qa5 16. Qd3 (16. Nxc6 $14 Rxc6 17. a3) 16... Ne7 $11 17. h3
Red8 {Black wants to play ...d4.} 18. Qe2 b5 19. a3 d4 20. exd4 Rxd4 21. Nd3
Rdd8 22. Nb4 Ng6 23. Be3 Rxd1+ 24. Rxd1 Bb8 25. Nc6 Rxc6 26. Bxc6 $16 {Hoping
for Qd2.} Qc7 {[#] ( -> ...Qh2+)} 27. f4 $1 Nxf4 28. Qd2 (28. Qf3 $16) 28...
Nd3 $1 $11 {The position is equal.} 29. Qxd3 Qh2+ $1 30. Kf2 $1 ({Don't go for
} 30. Kf1 $2 Bc4 $19) 30... Qg3+ $1 31. Kg1 $1 Qh2+ 32. Kf2 $1 (32. Kf1 $2 Bc4
$19) 32... Qg3+ $1 33. Kg1 $1 Qh2+ 34. Kf2 $1 {Weighted Error Value: White=0.
09/Black=0.09} ({Avoid the trap} 34. Kf1 $2 Bc4 $19) 1/2-1/2

[Event "GCT Sinquefield Cup 2021"]
[Site "Saint Louis"]
[Date "2021.08.25"]
[Round "8.2"]
[White "Caruana, Fabiano"]
[Black "Svidler, Peter"]
[Result "1/2-1/2"]
[WhiteElo "2806"]
[BlackElo "2714"]
[Annotator "TA"]
[PlyCount "84"]
[EventDate "2021.08.17"]
[EventType "tourn"]
[EventCountry "USA"]
[SourceTitle "playchess.com"]
[Source "ChessBase"]
[SourceQuality "1"]

{[%evp 17,84,10,13,11,18,0,0,0,0,-8,12,17,8,11,10,8,8,13,32,44,57,52,54,31,65,
10,37,4,41,45,48,55,50,41,48,14,14,16,18,11,25,11,11,0,0,8,8,8,8,2,2,2,2,2,8,0,
0,0,0,0,0,0,0,0,0,0,0,0,0]} 1. e4 e5 2. Nf3 Nc6 3. Bc4 Bc5 4. c3 Nf6 5. d4 exd4
6. e5 d5 7. Bb5 Ne4 8. cxd4 Bb6 9. Nc3 O-O 10. Be3 {C54: Giuoco Piano: 4 c3
Nf6, main lines with 5 d4 and 5 d3.} Bg4 11. Qc2 Nxc3 12. bxc3 f6 13. Bxc6 bxc6
14. exf6 Qxf6 15. Ne5 Bf5 {[#]} 16. Qa4 $146 ({Predecessor:} 16. Qd2 c5 17. O-O
cxd4 18. cxd4 h6 19. Rac1 c5 20. dxc5 Qxe5 21. cxb6 axb6 22. Bxb6 {1-0 (38)
Socko,B (2729)-Chadaev,N (2530) Chess.com INT 2016}) 16... c5 17. O-O cxd4 18.
cxd4 c5 19. dxc5 Qxe5 20. cxb6 axb6 21. Qb4 (21. Qb3 $14) 21... Be4 $11 22.
Qxb6 (22. Qb3 {seems wilder.} b5 23. Rad1 b4 24. Bc5 Rfc8 25. Bxb4 Rc4 26. Rde1
) 22... Rf6 23. Qd4 Qxd4 24. Bxd4 Rfa6 25. f3 Bc2 26. Rae1 Ra4 {[#]} 27. Rf2 $1
Bd3 28. Bc5 R8a5 29. Re8+ Kf7 {The position is equal.} 30. Re7+ Kf6 31. Rc7 (
31. Re3 {looks sharper.} Rxc5 32. Rxd3 Rc1+ 33. Rf1 Rxf1+ 34. Kxf1 Ke5 35. a3)
31... Rc4 {[#] ( -> ...Rc1+)} 32. Bd6 Ra6 33. Bg3 Rxc7 34. Bxc7 {[%mdl 4096]
Endgame KRB-KRB} Bc4 35. Rb2 h5 36. Bb6 Ke5 37. Bc5 Rxa2 38. Rxa2 Bxa2 39. Bf8
Kf6 40. Bc5 Ke5 41. Bf8 Kf6 42. Bc5 Ke5 {Weighted Error Value: White=0.08/
Black=0.03} 1/2-1/2

[Event "GCT Sinquefield Cup 2021"]
[Site "Saint Louis"]
[Date "2021.08.25"]
[Round "8.3"]
[White "Swiercz, Dariusz"]
[Black "Rapport, Richard"]
[Result "1/2-1/2"]
[WhiteElo "2655"]
[BlackElo "2763"]
[Annotator "TA"]
[PlyCount "99"]
[EventDate "2021.08.17"]
[EventType "tourn"]
[EventCountry "USA"]
[SourceTitle "playchess.com"]
[Source "ChessBase"]
[SourceQuality "1"]

{[%evp 9,99,8,22,21,27,2,29,12,8,8,22,21,22,0,14,8,7,8,36,37,38,36,47,46,50,26,
66,60,69,48,56,53,63,68,67,58,48,41,59,53,50,48,45,47,58,27,38,0,72,0,31,39,42,
24,23,26,55,56,47,26,19,2,12,20,27,25,22,6,6,6,6,6,17,0,0,0,0,0,0,0,0,0,0,0,0,
0,0,0,0,0,0,0]} 1. d4 d5 2. Nf3 Nf6 3. Bf4 Bf5 4. e3 e6 5. Bd3 Bg6 6. c4 {
D02: 1 d4 d5 2 Nf3 sidelines, including 2...Nf6 3 g3 and 2...Nf6 3 Bf4.} Bd6 {
[#]} 7. Bg5 $146 ({Predecessor:} 7. c5 Bxf4 8. exf4 b6 9. O-O Bxd3 10. Qxd3
bxc5 11. dxc5 Ne4 12. b4 a5 13. Nc3 Nc6 14. Nxe4 dxe4 15. Qxe4 Nxb4 {1-0 (37)
Galperin,P (2320)-Abdilkhair,A (2235) Minsk 2018}) 7... c6 8. Nc3 {White has
an edge.} Nbd7 9. O-O Qb8 10. h3 Bh5 11. Re1 dxc4 12. Bxc4 h6 13. Bxf6 gxf6 14.
Be2 Rg8 15. Nd2 Bxe2 16. Qxe2 Rg6 17. Nc4 Bb4 18. Rac1 Nb6 19. a3 Bxc3 20. Rxc3
Qd8 21. e4 Kf8 22. Rd1 Nxc4 23. Rxc4 Qd6 24. Qf3 Rd8 25. Rc3 Kg7 26. Rcd3 Qc7
27. Qe3 Qa5 28. b4 Qh5 {[#]} (28... Qg5 $11 29. Qxg5 fxg5) 29. Qf4 (29. d5 $1
$16) 29... e5 30. dxe5 fxe5 31. Qc1 (31. Qd2 {looks sharper.} Rxd3 32. Qxd3 b6
33. Kh2 c5 34. b5) 31... Rd4 32. Rxd4 Qxh3 {[%csl Gg6][%cal Rh3g2] [#]} 33. g3
exd4 34. Rxd4 $14 {[%mdl 4096] Endgame KQR-KQR} Qe6 35. Qc3 {Hoping for Rd6+.}
Qf6 36. Qe3 h5 37. e5 Qg5 38. Qxg5 {The position is equal.} Rxg5 $11 {KR-KR}
39. Rd7 {White wants to play e6.} Rxe5 40. Rxb7 a5 41. Rc7 axb4 42. axb4 Rb5
43. Rxc6 {Black should prevent Rc4.} Rxb4 44. Kg2 h4 45. gxh4 Rxh4 46. Kg3 Rb4
47. Kg2 Rh4 48. Kg3 Rb4 49. Kg2 Rh4 50. Kg3 {Weighted Error Value: White=0.09/
Black=0.09} 1/2-1/2

[Event "GCT Sinquefield Cup 2021"]
[Site "Saint Louis"]
[Date "2021.08.25"]
[Round "8.4"]
[White "Vachier-Lagrave, Maxime"]
[Black "So, Wesley"]
[Result "1/2-1/2"]
[WhiteElo "2751"]
[BlackElo "2772"]
[Annotator "TA"]
[PlyCount "99"]
[EventDate "2021.08.17"]
[EventType "tourn"]
[EventCountry "USA"]
[SourceTitle "playchess.com"]
[Source "ChessBase"]
[SourceQuality "1"]

{[%evp 15,99,8,32,10,21,7,16,3,5,0,0,0,0,0,8,10,5,10,18,13,19,0,0,0,0,0,12,0,
11,0,10,0,0,0,0,0,0,0,0,4,2,0,0,0,0,0,0,0,0,0,0,0,0,0,0,0,0,0,0,0,0,-1,0,0,0,0,
0,0,0,0,0,0,0,-8,-8,-8,8,8,8,8,8,0,0,0,0,0]} 1. e4 e5 2. Nf3 Nc6 3. Bb5 Nf6 4.
O-O Nxe4 5. Re1 Nd6 6. Nxe5 Be7 7. Bf1 Nxe5 8. Rxe5 O-O 9. Nc3 {C67: Ruy Lopez:
Berlin Defence: 4 0-0 Nxe4.} Ne8 {The position is equal.} 10. d4 Bf6 11. Re1 d5
$1 12. b3 c6 13. Ba3 Nd6 {[#]} 14. Qf3 $146 ({Predecessor:} 14. Bd3 Be6 15. Ne2
Re8 16. Nf4 Qd7 17. Nxe6 Rxe6 18. Rxe6 Qxe6 19. c3 Re8 20. Qc2 {1/2-1/2 (36)
Berzinsh,R (2390)-Mischuk,D (2355) Cheliabinsk 2019}) 14... Be6 15. Qf4 Be7 16.
Bd3 Ne8 17. Bxe7 Qxe7 18. Re5 g6 19. Rae1 Ng7 20. Ne2 Rae8 21. Ng3 Qd6 22. Qf6
Qd8 23. Qxd8 Rxd8 24. h4 Rfe8 25. h5 {[#] Black must now prevent h6.} f6 26.
R5e3 {Strongly threatening h6.} Bf7 27. hxg6 hxg6 28. Rxe8+ (28. f3 {with more
complications.} f5 29. Rxe8+ Rxe8 30. Ne2 Ne6 31. Kf2) 28... Rxe8 29. Rxe8+
Nxe8 $11 {[%mdl 4096] Endgame KBN-KBN} 30. f3 Nd6 31. Kf2 Kg7 32. Ke3 Be6 33.
Ne2 g5 34. g4 f5 35. f4 Kf6 36. fxg5+ Kxg5 37. gxf5 Bxf5 38. c4 Bxd3 39. Kxd3
dxc4+ 40. bxc4 {KN-KN} Kf5 41. Nc3 Ke6 42. a4 b6 43. a5 bxa5 44. d5+ cxd5 45.
Nxd5 Nxc4 46. Kxc4 {KN-KPP} a4 47. Nf4+ Kf5 48. Kb4 a5+ 49. Kxa4 Kxf4 50. Kxa5
{Not much happened in this game.  Weighted Error Value: White=0.03/Black=0.01}
1/2-1/2

[Event "GCT Sinquefield Cup 2021"]
[Site "Saint Louis"]
[Date "2021.08.25"]
[Round "8.5"]
[White "Dominguez Perez, Leinier"]
[Black "Shankland, Sam"]
[Result "1/2-1/2"]
[WhiteElo "2758"]
[BlackElo "2709"]
[Annotator "TA"]
[PlyCount "63"]
[EventDate "2021.08.17"]
[EventType "tourn"]
[EventCountry "USA"]
[SourceTitle "playchess.com"]
[Source "ChessBase"]
[SourceQuality "1"]

{[%evp 14,63,8,6,18,15,10,18,16,19,16,14,9,0,0,0,0,0,40,14,17,21,22,0,0,-18,
-20,-17,-27,-27,-16,-21,-17,-29,0,0,0,0,0,0,0,-61,2,-21,-20,-150,0,0,0,-143,0,
0]} 1. e4 c5 2. Nf3 d6 3. d4 cxd4 4. Nxd4 Nf6 5. Nc3 a6 6. Be3 e5 7. Nf3 Be7 8.
Bc4 Nc6 {B90: Sicilian Najdorf: Unusual White 6th moves, 6 Be3 Ng4 and 6 Be3
e5.} 9. Nd5 O-O 10. Bb6 Qd7 {[#]} 11. Nxf6+ $146 (11. Nxe7+ Nxe7 12. Bd3 Qc6
$17) ({Predecessor:} 11. Nc7 Rb8 12. Ng5 Bd8 13. Nge6 Bxc7 14. Nxc7 Qe7 15. f3
Be6 16. Nd5 Bxd5 17. exd5 {0-1 (41) Zapolski,K-Kobialko,D Kolobrzeg 2001})
11... Bxf6 12. Qd3 Ne7 13. O-O-O Qc6 14. Be3 b5 15. Bb3 Bb7 (15... h6 {seems
wilder.} 16. h4 Bg4 17. Qxd6 Qxe4 18. Nd2 Qxg2 19. Rhg1 Qh3) 16. Qxd6 Qxd6 17.
Rxd6 Bxe4 18. Nd2 Bb7 ({Don't go for} 18... Bxg2 $2 19. Rg1 $16) 19. Bc5 Rac8 (
{But not} 19... Bxg2 $2 20. Rg1 $18) 20. Rd7 Bxg2 ({Don't play} 20... Rxc5 $6
21. Rxb7 Rfc8 22. Ne4 $14) 21. Rg1 Rxc5 22. Rxg2 {[#] Black must now prevent
Ne4.} Nf5 23. Bd5 {And now Ne4 would win.} Nd4 24. Ne4 Rxc2+ 25. Kb1 Bd8 26.
Bxf7+ $1 Kh8 {[#] Hoping for ...Re2!} 27. Bd5 (27. Bh5 $11 g6 28. Rxd4 {
[%mdl 64] Remove Defender} exd4 29. Kxc2 gxh5 30. Kd3) 27... Re2 ({Black
should try} 27... g6 $1 $15) 28. Rg1 Nf5 29. Be6 Nd4 (29... Rxe4 $17 30. Bxf5
Rf4) 30. Bd5 $11 Nf5 (30... Bf6 $11) 31. Be6 $17 {aiming for Bxf5.} Nd4 (31...
Rxe4 $17 32. Bxf5 Rf4) 32. Bd5 {Weighted Error Value: White=0.21/Black=0.23}
1/2-1/2

[Event "GCT Sinquefield Cup 2021"]
[Site "Saint Louis"]
[Date "2021.08.26"]
[Round "9.1"]
[White "Shankland, Sam"]
[Black "Swiercz, Dariusz"]
[Result "1/2-1/2"]
[WhiteElo "2709"]
[BlackElo "2655"]
[Annotator "TA"]
[PlyCount "86"]
[EventDate "2021.08.17"]
[EventType "tourn"]
[EventCountry "USA"]
[SourceTitle "playchess.com"]
[Source "ChessBase"]
[SourceQuality "1"]

{[%evp 10,86,16,15,10,0,0,-14,0,0,0,0,0,0,0,0,1,-10,-13,-16,0,0,9,9,10,10,22,
22,16,4,14,0,14,21,18,15,4,12,16,0,0,0,5,4,10,8,14,13,12,12,10,8,12,8,8,7,22,7,
49,49,49,49,49,41,49,49,59,10,10,10,10,10,10,0,10,0,10,0,10]} 1. Nf3 d5 2. g3
Nf6 3. Bg2 c6 4. c4 dxc4 5. O-O Nbd7 6. Qc2 Nb6 {A11: English Opening: 1...c6.}
7. a4 a5 8. Na3 Be6 9. Ng5 Qd7 10. e4 {[#]} Bg4 $146 {aiming for ...Be2.} ({
Predecessor:} 10... g6 11. Nxe6 Qxe6 12. Rb1 Bg7 13. b3 cxb3 14. Rxb3 Nfd7 15.
Bb2 Bxb2 16. Qxb2 O-O 17. Rxb6 Nxb6 18. Qxb6 {1-0 (81) Mogranzini,R (2513)
-Krejci,J (2503) Meissen 2013}) 11. Nxc4 Nxc4 12. Qxc4 e5 13. b3 Bb4 14. Bb2 h6
({But not} 14... Bxd2 $6 15. Rad1 $16) 15. Nf3 Bxf3 16. Bxf3 Qe7 17. Rad1 O-O
18. d4 exd4 19. Rxd4 Nd7 20. Be2 Rad8 21. Rfd1 Nc5 22. Qc2 (22. Kg2 {seems
wilder.} Rxd4 23. Rxd4 Qe6 24. Qxe6 Nxe6 25. Rd7) 22... Rxd4 23. Rxd4 Rd8 24.
e5 (24. Rxd8+ {is interesting.} Qxd8 25. Bc4 Qe7 26. f3 b5 27. axb5 cxb5 28.
Bxb5 Nxb3 29. Kg2) 24... Rxd4 25. Bxd4 Ne6 26. Bb2 Qc5 27. Qc4 Qxc4 28. Bxc4
$11 {[%mdl 4096] Endgame KBB-KBN} Nc5 29. Kf1 b5 30. axb5 cxb5 31. Bxb5 {
Hoping for Bc4.} Nxb3 32. Ke2 Nc5 (32... Bc5 {with more complications.} 33. f4
Nd4+ 34. Bxd4 Bxd4 35. Kf3 Bg1) 33. Bd4 a4 34. Bxc5 Bxc5 35. Bxa4 $14 {KB-KB}
Kf8 36. Bb3 Ke7 37. f4 f6 38. e6 f5 {The position is equal.} 39. Kf3 h5 40. Kg2
Kf6 41. Kf3 Ke7 42. Kg2 Kf6 43. Kf3 Ke7 {Weighted Error Value: White=0.05/
Black=0.04} 1/2-1/2

[Event "GCT Sinquefield Cup 2021"]
[Site "Saint Louis"]
[Date "2021.08.26"]
[Round "9.2"]
[White "Mamedyarov, Shakhriyar"]
[Black "Vachier-Lagrave, Maxime"]
[Result "1/2-1/2"]
[WhiteElo "2782"]
[BlackElo "2751"]
[Annotator "TA"]
[PlyCount "49"]
[EventDate "2021.08.17"]
[EventType "tourn"]
[EventCountry "USA"]
[SourceTitle "playchess.com"]
[Source "ChessBase"]
[SourceQuality "1"]

{[%evp 23,49,13,21,4,20,19,21,0,0,0,0,0,0,0,0,0,0,0,0,-27,0,0,0,0,0,0,0,0]} 1.
d4 Nf6 2. c4 g6 3. Nc3 d5 4. cxd5 Nxd5 5. e4 Nxc3 6. bxc3 Bg7 7. Nf3 c5 8. Rb1
O-O 9. Be2 cxd4 10. cxd4 Qa5+ 11. Bd2 Qxa2 12. O-O Bg4 13. Rxb7 {D85: Exchange
Grünfeld: Unusual White 7th moves and lines with 7 Nf3.} Bxf3 14. Bxf3 {
[#] And now e5 would win.} Bxd4 15. e5 Na6 {[%cal Bb8a6,Ba6c5,Bc5d3,Bd3e1]
[%mdl 32]} 16. Rxe7 Rad8 {Threatens to win with ...Bc5.} 17. e6 fxe6 {[#]
aiming for ...Bc5.} 18. Qe1 {[#]} Nc5 $146 ({Predecessor:} 18... Bf6 19. Rxa7
Rxd2 20. Rxa6 Qxa6 21. Qxd2 Qb6 22. g3 Bd4 23. Qe2 Rf6 24. Kg2 Qb2 25. Qxb2
Bxb2 {1/2-1/2 (44) Grischuk,A (2776)-Vachier Lagrave,M (2760) Bucharest 2021})
19. Bc3 {Bxd4 is the strong threat.} Nd3 20. Bxd4 $1 Nxe1 21. Rg7+ Kh8 22. Rd7+
{The position is equal.} Kg8 ({Wrong is} 22... e5 $2 23. Bxe5+ Rf6 24. Bxf6+
Kg8 25. Rxd8+ $18) 23. Rg7+ Kh8 24. Rd7+ Kg8 ({Not} 24... e5 $2 25. Bxe5+ Rf6
26. Bxf6+ Kg8 27. Rxd8+ $18) 25. Rg7+ {A rather calm draw.  Weighted Error
Value: White=0.03/Black=0.00} 1/2-1/2